| 000 | 01001nas a2200349 4500 | ||
|---|---|---|---|
| 001 | BR2016001633 | ||
| 003 | BR-BrBNA | ||
| 005 | 20231205130315.0 | ||
| 007 | ta | ||
| 008 | 230509b bl.|||p| |||| 00| 00por d | ||
| 040 |
_aBR-BrBNA _bpor _cBiblioteca Nacional de Agricultura |
||
| 041 | _a(Pt) | ||
| 072 | _aF60 | ||
| 100 | 1 | _aBaliza, D.P. | |
| 100 | 1 | _aSantos, M. de O. | |
| 100 | 1 | _aAlves, J.D. | |
| 100 | 1 | _aGuimarães, R.J. | |
| 100 | 1 | _aCunha, R.L. da | |
| 111 | 1 | _dMetabolismo da sacarose em cafeeiros submetidos a diferentes níveis de sombreamento | |
| 650 | _aCAFÉ | ||
| 650 | _aSACAROSE | ||
| 650 | _aCARBOIDRATO | ||
| 650 | _aMETABOLISMO | ||
| 650 | _aINVERTASE | ||
| 650 | _aSOMBREAMENTO | ||
| 650 | _aANÁLISE QUANTITATIVA | ||
| 650 | _aATIVIDADE ENZÍMICA | ||
| 650 | _aMATURAÇÃO | ||
| 773 | 0 |
_tCoffee Science (Brazil) _xISSN 1809-6875 _g(Oct-Dec 2014), v. 9(4) p. 445-455 _wBR2016001633 |
|
| 909 |
_a202311 _bLúcia _c55 _dLúcia Elande |
||
| 942 |
_2AGRIS _n0 _cANA |
||
| 999 |
_c248770 _d248770 |
||